|
|
|
|
| LEADER |
00000nam a22000007a 4500 |
| 005 |
20190718023324.0 |
| 007 |
cr|||| |||| |
| 008 |
190718s2018 es |||||s|||| 00||0 spa d |
| 020 |
|
|
|a 978-84-1324-052-7
|
| 035 |
|
|
|a 23784
|
| 040 |
|
|
|a vLex
|
| 090 |
|
|
|c 9043
|d 9043
|
| 100 |
1 |
|
|a Izquierdo Muciǫ, Martha Elba
|
| 245 |
1 |
0 |
|a Fomento del cooperativismo como alternativa econm̤ica y social sostenible
|h [Recurso electrn̤ico] :
|b una visin̤ de Mx̌ico y Espaą /
|c Martha Elba Izquierdo Muciǫ, Vega M® Arnèz Arce
|
| 256 |
|
|
|a Servicio en ln̕ea
|
| 260 |
|
|
|a Madrid:
|b Dykinson,
|c 2018
|
| 300 |
|
|
|a 1 recurso electrn̤ico
|
| 506 |
1 |
|
|a Disponible solo en los productos indicados
|d vLex Global
|d vLex Global (Academic Edition, excluding Law Schools)
|d vLex Global (U.S. Academic Edition, Law Schools)
|d vLex Global (U.S. Academic Edition, excluding Law Schools)
|d vLex Global (Academic Edition, Law Schools)
|
| 650 |
0 |
4 |
|a Derecho Mercantil y de la Empresa
|z Espaą
|
| 650 |
0 |
4 |
|a Infracciones y Sanciones
|z Espaą
|
| 650 |
0 |
4 |
|a Derecho Pb︢lico y Administrativo
|z Espaą
|
| 700 |
1 |
|
|a Arnèz Arce, Vega M®
|
| 740 |
0 |
|
|a vLex Libros (Servicio en ln̕ea)
|
| 856 |
4 |
0 |
|u http://vlex.com/source/fomento-cooperativismo-alternativa-economica-social-sostenible-vision-mexico-espa-a-23784
|z Acceso restringido
|
| 942 |
|
|
|c BOOK
|
| 999 |
0 |
|
|a Business and Company Law
|
| 999 |
0 |
|
|a Infractions and Sanctions
|
| 999 |
0 |
|
|a Public and Administrative Law
|